ბათუმის შოთა რუსთაველის სახელმწიფო უნივერსიტეტის ბიბლიოთეკა

თორმეტი პოემა. (ბიბ.ჩანაწერი № 50054)

000 -LEADER
fixed length control field 00599nam a2200205Ia 4500
001 - CONTROL NUMBER
control field 16992
003 - CONTROL NUMBER IDENTIFIER
control field GE_BSU
008 - FIXED-LENGTH DATA ELEMENTS--GENERAL INFORMATION
fixed length control field 181216s||||||||xx |||||||||||||| ||und||
040 ## - CATALOGING SOURCE
Transcribing agency GE_BSU
080 ## - UNIVERSAL DECIMAL CLASSIFICATION NUMBER
Universal Decimal Classification number 821.353.1-11
100 ## - MAIN ENTRY--PERSONAL NAME
Personal name ბერულავა, ხუტა
245 ## - TITLE STATEMENT
Title თორმეტი პოემა.
245 ## - TITLE STATEMENT
Statement of responsibility, etc. რედ.დ.ციგროშვილი
260 ## - PUBLICATION, DISTRIBUTION, ETC.
Place of publication, distribution, etc. თბილისი
260 ## - PUBLICATION, DISTRIBUTION, ETC.
Name of publisher, distributor, etc. საბჭ. საქართველო
260 ## - PUBLICATION, DISTRIBUTION, ETC.
Date of publication, distribution, etc. 1974
300 ## - PHYSICAL DESCRIPTION
Extent 246გვ. ; 20სმ
653 ## - INDEX TERM--UNCONTROLLED
Uncontrolled term თორმეტი პოემა
942 ## - ADDED ENTRY ELEMENTS (KOHA)
Koha item type წიგნი
ეგზემპლარები
Withdrawn status Lost status Damaged status Not for loan Date acquired Barcode Date last seen Price effective from Koha item type
        2018-12-17 21772 2018-12-17 2018-12-17 წიგნი
        2018-12-17 21773 2018-12-17 2018-12-17 წიგნი
        2018-12-17 21774 2018-12-17 2018-12-17 წიგნი